00444nam a22001577a 4500003000500000005001700005008004100022020001800063040000600081082001600087100004000103245004600143260003800189300001300227650004600240CEME20210628203701.0210128b xxu||||| |||| 00| 0 eng d a9-814-12677-2 c. a511.322 YAG a Yager, Ronald R, Filev, Dimitar P aEssentials of fuzzy modeling and control aNEW YORKbJOHN WILEY & SONSc2002 aXVI,388P aFUZZY SETS, FUZZY SYSTEMS, CONTROL THEORY